ՀՀ Գիտությունների ազգային ակադեմիայի հիմնարար գիտական գրադարան  =   Fundamental Scientific Library of NAS RA

Панцирные рыбы девона СССР (коккостеиды и динихтииды) / (Record no. 515736)

MARC details
000 -LEADER
fixed length control field 00629-am-a2200181-a-4500
001 - CONTROL NUMBER
control field YSU0129045
003 - CONTROL NUMBER IDENTIFIER
control field AM-YEHGA
005 - DATE AND TIME OF LATEST TRANSACTION
control field 20250617163955.0
008 - FIXED-LENGTH DATA ELEMENTS--GENERAL INFORMATION
fixed length control field 990519s1962 xxu 000 0 rus u
040 ## - CATALOGING SOURCE
Original cataloging agency AM-YeHGA
090 ## - LOCALLY ASSIGNED LC-TYPE CALL NUMBER (OCLC); LOCAL CALL NUMBER (RLIN)
-- 519277
100 10 - MAIN ENTRY--PERSONAL NAME
Personal name Обручева, Ольга Павловна
245 10 - TITLE STATEMENT
Title Панцирные рыбы девона СССР (коккостеиды и динихтииды) /
Statement of responsibility, etc. О.П. Обручева ; Под ред. Ю.А. Орлова
260 0# - PUBLICATION, DISTRIBUTION, ETC.
Place of publication, distribution, etc. Москва :
Name of publisher, distributor, etc. МГУ ,
Date of publication, distribution, etc. 1962.
300 ## - PHYSICAL DESCRIPTION
Extent 189 с.
650 #4 - SUBJECT ADDED ENTRY--TOPICAL TERM
Topical term or geographic name entry element Палеоботаника
700 1# - ADDED ENTRY--PERSONAL NAME
Personal name Орлова, Ю.А.
Relationship edt
Holdings
Withdrawn status Lost status Damaged status Not for loan Collection Home library Current library Date acquired Total checkouts Full call number Barcode Date last seen Price effective from Koha item type Public note
        General Fundamental Scientific Library Fundamental Scientific Library 23/09/2021   РII/61986 FL0660708 23/09/2021 23/09/2021 Գրքեր / Books 30 Days Loan
        General Fundamental Scientific Library Fundamental Scientific Library 13/10/2021   РII/63779 FL0661964 13/10/2021 13/10/2021 Գրքեր / Books 30 Days Loan


ՀՀ ԳԱԱ հիմնարար գիտական գրադարան
ՀՀ,Երևան 0019
Մարշալ Բաղրամյան 24/6
հեռախոս:(374-10) 52-47-50
Հետադարձ կապ

All site content, except where otherwise noted, is licensed under a
Creative Commons License